000
00314nam a2200133Ia 4500
003
OSt
005
20240216150458.0
008
170524s9999 xx 000 0 und d
020
_a
9788125909361
040
_c
IIMT UNIVERSITY , MEERUT
100
_a
MISHRA M.N.
245
0
_a
ORGANIZATION BEHAVIOUR
942
_2
ddc
_c
02
999
_c
4602
_d
4602